| 000 | 00960nac a22002897a 4500 | ||
|---|---|---|---|
| 001 | BR8404701 | ||
| 003 | BR-BrBNA | ||
| 005 | 20240105120204.0 | ||
| 008 | 230509b bl.|||m| |||| 00| 0 por d | ||
| 040 |
_aBR-BrBNA _bpor _cBiblioteca Nacional de Agricultura |
||
| 072 | _aL73 | ||
| 090 | _a5212 BR8404701 | ||
| 100 | 1 | _aViegas, S.A.R. de A. | |
| 100 | 1 | _aDoria, J.D. | |
| 100 | 1 | _aRocha, J.V.N. da | |
| 100 | 1 | _aRodrigues, F. de M. | |
| 110 | 1 |
_aEmpresa de Pesquisa Agropecuaria da Bahia, Salvador (Brasil) _94095 |
|
| 245 | 1 | _aInvestigacao sorologica para brucelose em bovinos no Estado da Bahia; 1. Municipios de Itabira e Rui Barbosa | |
| 260 | 3 |
_aSalvador, BA (Brasil): _c1984. |
|
| 300 | _a2 p. | ||
| 490 |
_aPesquisa em Andamento - Empresa de Pesquisa Agropecuaria da Bahia (Brazil) _vno. 12 _x |
||
| 650 | _aBOVINO | ||
| 650 | _aBRUCELOSE | ||
| 650 | _aSORO | ||
| 909 |
_a202312 _bLúcia Elande _c55 _dLúcia Elande |
||
| 942 |
_2AGRIS _n0 _cMS |
||
| 999 |
_c278267 _d278267 |
||